MARC

LEADER 00000nam0a2200000 4500
001 250535
005 20231101232554.0
035 |a (RuTPU)RU\TPU\book\272744 
090 |a 250535 
100 |a 20140214d1959 k y0rusy50 ca 
101 0 |a rus 
102 |a RU 
105 |a y z 101zy 
200 1 |a Проблемы высшего химического и технологического образования  |e доклады на симпозиуме на VIII съезде по общей и прикладной химии, г. Москва, март 1959 г.  |f Академия наук СССР (АН СССР) 
210 |a Москва  |c Изд-во Академии наук СССР  |d 1959 
215 |a 56 с. 
320 |a Библиогр. в конце докл. 
606 1 |a Химия  |x Методика преподавания  |2 stltpush  |3 (RuTPU)RU\TPU\subj\70591  |9 84810 
610 1 |a высшее образование 
610 1 |a химическое образование 
610 1 |a технологическое образование 
610 1 |a специалисты 
610 1 |a педагоги 
610 1 |a химическая промышленность 
610 1 |a информационно-логические машины 
610 1 |a менделеевские съезды 
675 |a 54(072)  |v 3 
712 0 2 |a Академия наук СССР (АН СССР)  |2 stltpush  |3 (RuTPU)RU\TPU\col\722 
712 1 2 |a Проблемы высшего химического и технологического образования  |b симпозиум  |d 8  |e Москва  |f 1958 
801 1 |a RU  |b 63413507  |c 20140214 
801 2 |a RU  |b 63413507  |c 20140217  |g RCR 
942 |c BK